00836nam a22001937a 4500003000400000005001700004008003500021020001800056040002500074110005300099245020100152260008000353300002800433504002800461590002700489942001400516952009500530999001700625OSt20201118085426.0201118b 2010 a 00| 0 eng d a9789223247270 aDO-SdBNPbspacBNPHU1 aOrganización Internacional del Trabajo.97703910aInforme de verificación de la implementación de las recomendaciones del libro blanco :bperíodo febrero 2010 - julio 2010. República Dominicana /cOrganización Internacional del Trabajo. aSan José, Costa Rica : bOrganización Internacional del Trabajo,c2010. a69 p. : bil. c28 cm.  aBibliografía : p. 61  aInventariado, 2020 /LP 2ddccLBS1 00102ddc51718MOaBNPHUbPDcHDd2020-11-18eCOPARDOM l0r2020-11-18w2020-11-18yLBS1 c49146d49146